| 000 | 00420nam a2200157 a 4500 | ||
|---|---|---|---|
| 008 | 960513s1976||||[C 0 slo c | ||
| 040 |
_aSNK _bslo _cSNK _eAACR2 |
||
| 041 | 1 | _aslo | |
| 100 | 1 | _4aut | |
| 245 | 1 | 0 |
_aFrancúzština pre samoukov _hAudiozáznam _cMiroslav Pravda, Marie Pravdová |
| 260 |
_aBratislava _c1976 _bArtprogres |
||
| 700 | 1 |
_aPravdová, Marie _4aut |
|
| 020 | _c10 | ||
| 044 |
_axo _cSK |
||
| 958 | _aJ | ||
| 999 |
_c19189 _d19189 |
||